El Urogallo : (Record no. 2350)

MARC details
000 -LEADER
campo de control de longitud fija 01158nas a2200301 i 4500
001 - NÚMERO DE CONTROL
campo de control 2350
003 - IDENTIFICADOR DE NÚMERO DE CONTROL
campo de control ES-MaACL
005 - FECHA Y HORA DE LA ÚLTIMA TRANSACCIÓN
campo de control 20250217134616.0
007 - CAMPO FIJO DE DESCRIPCIÓN FÍSICA--INFORMACIÓN GENERAL
campo de control de longitud fija t|
008 - DATOS DE LONGITUD FIJA--INFORMACIÓN GENERAL
campo de control de longitud fija 950801d19691996sp m|yp | ||pa d
080 ## - NÚMERO DE LA CLASIFICACIÓN DECIMAL UNIVERSAL
Número de la Clasificación Decimal Universal (460)
080 ## - NÚMERO DE LA CLASIFICACIÓN DECIMAL UNIVERSAL
Número de la Clasificación Decimal Universal 821.134.2
080 ## - NÚMERO DE LA CLASIFICACIÓN DECIMAL UNIVERSAL
Número de la Clasificación Decimal Universal 008
245 03 - MENCIÓN DEL TÍTULO
Título El Urogallo :
Resto del título revista literaria y cultural /
Mención de responsabilidad, etc. fundada por Elena Soriano.
260 ## - PUBLICACIÓN, DISTRIBUCIÓN, ETC.
Lugar de publicación, distribución, etc. Madrid :
Nombre del editor, distribuidor, etc. Ediciones Prensa de la Ciudad,
Fecha de publicación, distribución, etc. 1969-1996.
300 ## - DESCRIPCIÓN FÍSICA
Extensión 42 v. ;
Dimensiones 28 cm.
310 ## - PERIODICIDAD ACTUAL
Periodicidad actual Mensual
362 0# - FECHAS DE PUBLICACIÓN Y/O DESIGNACIÓN SECUENCIAL
Fecha de publicación y/o designación secuencial 1ª época , n. 0 (dic. 1969)-n. 36 /1975) ; 2ª época, n. 1 (mayo 1986)-n. 127 (dic. 1996)
500 ## - NOTA GENERAL
Nota general 1ª época, 1969-75.
525 ## - NOTA DE SUPLEMENTO
Nota de suplemento El n. 127 (dic. 1996) lleva el suplemento: "El Urogallo Extremadura-América"
555 ## - NOTA DE ÍNDICE ACUMULATIVO U OTROS INSTRUMENTOS BIBLIOGRÁFICOS
Nota de índice acumulativo u otros instrumentos bibliográficos El Urogallo : revista literaria bimestral (1969-1975) : estudio e índices / María Jesús Soler Arteaga. - Sevilla, 2010 [BA N-4955]
655 #0 - TERMINO DE INDIZACIÓN--GENERO/FORMA
9 (RLIN) 176430
Datos o término principal de género/forma Revistas literarias
700 1# - ENTRADA AGREGADA--NOMBRE PERSONAL
Nombre de persona Soriano, Elena,
Fechas asociadas al nombre 1917-1996
9 (RLIN) 107375
852 4# - LOCALIZACIÓN
Ubicación ES-MaACL
Número de control de estantería HEM-H-510
Ubicación en estantería Hemeroteca
Nota libre Revista muerta
itemnumber 2391
Signatura antigua Olim: HEM-1705
866 #0 - MENCIÓN TEXTUAL DE FONDOS--UNIDAD BIBLIOGRÁFICA BÁSICA
Fondos 1969-(1975) 1986-1990 (1991) 1992-1996.
942 ## - ELEMENTOS DE ENTRADA SECUNDARIOS (KOHA)
Fuente del sistema de clasificación o colocación Clasificación decimal universal
Holdings
Estatus retirado Estado de pérdida Fuente del sistema de clasificación o colocación Estado de daño No para préstamo Colección Biblioteca de origen Biblioteca actual Ubicación en estantería Fecha de adquisición Total de préstamos Signatura topográfica completa Código de barras Visto por última vez Precio de reemplazo Tipo de ítem Koha
    Clasificación decimal universal     Periódicos y Revistas Biblioteca del Ateneo de Madrid Biblioteca del Ateneo de Madrid Hemeroteca 17/01/2008   HEM-H-510 1002391 23/02/2023 23/02/2023 Revista